El examen motor del lactante
Gorde:
| Egile nagusia: | |
|---|---|
| Formatua: | Liburua |
| Hizkuntza: | gaztelania |
| Argitaratua: |
Mendoza
Universidad del Aconcagua
2002
|
| Edizioa: | 1a. ed |
| Gaiak: | |
| Etiketak: |
Etiketa erantsi
Etiketarik gabe, Izan zaitez lehena erregistro honi etiketa jartzen!
|
MARC
| LEADER | 00000nam a2200000 a 4500 | ||
|---|---|---|---|
| 001 | UCH3586 | ||
| 003 | CL-VaPUC | ||
| 008 | 090811e20020000AG |||||||||||||||||spa|d | ||
| 020 | |a 9872030618 | ||
| 082 | 0 | 4 | |a 618.92 |b NOL |2 21 |
| 100 | |a Noli, Juan José |e autor |9 538990 | ||
| 245 | 1 | 3 | |a El examen motor del lactante |
| 250 | |a 1a. ed | ||
| 300 | |a 160 p | ||
| 942 | |c BK | ||
| 945 | |d 20090811 00:00:00 |a cmena | ||
| 260 | |a Mendoza |b Universidad del Aconcagua |c 2002 | ||
| 650 | 0 | |a Pediatría |9 309397 | |
| 650 | 7 | |a EXAMEN MEDICO |2 CL-VaPUC |9 500438 | |
| 650 | 0 | |a Atención médica |9 337119 | |
| 650 | 0 | |a Prevención de enfermedades |9 393975 | |
| 650 | 7 | |a MOTRICIDAD |2 CL-VaPUC |9 307419 | |
| 650 | 7 | |a PARALISIS CEREBRAL |2 CL-VaPUC |9 462770 | |
| 650 | 7 | |a LACTANTES |2 CL-VaPUC |9 309581 | |
| 583 | |a last modification |c 20090811 00:00:00 |k Rodrigo Vera | ||
| 999 | |c 335068 |d 335066 | ||
| 952 | |0 0 |1 0 |4 0 |6 618_920000000000000_NOL_2002 |7 0 |8 A |9 424638 |a BIBCUR |b BIBCUR |d 2019-11-22 |i 1088432 |l 1 |o 618.92 NOL 2002 |p 1088432 |r 2025-04-22 |s 2022-03-24 |w 2019-11-22 |y BK |k KIN | ||
| 952 | |0 0 |1 0 |4 0 |6 618_920000000000000_NOL_2002 |7 0 |8 A |9 424639 |a BIBCUR |b BIBCUR |d 2019-11-22 |i 1088440 |o 618.92 NOL 2002 |p 1088440 |r 2025-04-22 |w 2019-11-22 |y BK |k KIN | ||